ბათუმის შოთა რუსთაველის სახელმწიფო უნივერსიტეტის ბიბლიოთეკა

ტექეკომუნიკაციების ქსელები. ნაწ . III : ლექციების კონსპექტი / (ბიბ.ჩანაწერი № 38549)

000 -ლიდერი
ფიქსირებული სიგრძის საკონტროლო ველი 00821nam a2200205Ia 4500
001 - საკონტროლო ნომერი
საკონტროლო ველი 4650
003 - საკონტროლო ნომრის იდენტიფიკატორი
საკონტროლო ველი GE_BSU
005 - ბოლო ოპერაციის თარიღი და დრო
საკონტროლო ველი 20190514161308.0
008 - ფიქსირებული სიგრძის მონაცემთა ელემენტები - ზოგადი ინფორმაცია
ფიქსირებული სიგრძის საკონტროლო ველი 181216s2003||||ge |||||||||||||| ||geo||
040 ## - კატალოგიზაციის წყარო
Transcribing agency GE_BSU
041 ## - ენის კოდი
Language code of text/sound track or separate title geo
080 ## - უნივერსალური ათობითი კლასიფიკაციის ინდექსი
Universal Decimal Classification number 621.395(075.8) გ–51
100 ## - მთავარი ჩანაწერი - პიროვნების სახელი
Personal name გიორგაძე, ბ
9 (RLIN) 1122
245 ## - ცნობა სათაურის შესახებ
Title ტექეკომუნიკაციების ქსელები. ნაწ . III : ლექციების კონსპექტი /
Statement of responsibility, etc ბ. გიორგაძე ; რ.ქვრივიშვილი;
264 ## - წარმოების, გამოცემის, დისტრიბუციის და სხვა ცნობები
გამოცემის, წარმოების, დისტრიბუციის... ადგილი თბილისი,
გამოცემის, წარმოების, დისტრიბუციის... თარიღი 2003.
300 ## - ფიზიკური აღწერა
Extent 76 გვ . ;
Dimensions 20 სმ.
653 ## - INDEX TERM--UNCONTROLLED
Uncontrolled term ტექეკომუნიკაციების ქსელები
700 ## - ADDED ENTRY--PERSONAL NAME
Personal name ქვრივიშვილი, რ
9 (RLIN) 1124
942 ## - ADDED ENTRY ELEMENTS (KOHA)
Koha item type წიგნი
Source of classification or shelving scheme
ეგზემპლარები
ჩამოწერის სტატუსი დაკარგული ეგზემპლარის სტატუსი კლასიფიკაციის წყარო ან თაროზე გაწყობის სქემა დაზიანების სტატუსი არ გაიცემა მუდმივი მდებარეობა (დაცვის ადგილი) ამჟამინდელი ადგილსამყოფელი თაროზე განთავსების ადგილი შეძენის თარიღი ღირებულება, შესყიდვის ნორმალური ფასი სრული შენახვის შიფრი შტრიხკოდი ბოლო ოპერაციის თარიღი ეგზემპლარის მიმდევრობითი ნომერი (კეტერი?) ფასის ძალაში შესვლის თარიღი ეგზემპლარის სახეობა საჯარო შენიშვნა
          ბათუმის შოთა რუსთაველის სახელმწიფო უნივერსიტეტის მთავარი ბიბლიოთეკა ბათუმის შოთა რუსთაველის სახელმწიფო უნივერსიტეტის მთავარი ბიბლიოთეკა წიგნსაცავი 2018-12-17 10.00 621.395(075.8) გ–51 8443 2018-12-17 8443 2018-12-17 წიგნი 10 ლ.
          ტექნოლოგიური ფაკულტეტის ბიბლიოთეკა ტექნოლოგიური ფაკულტეტის ბიბლიოთეკა წიგნსაცავი 2018-12-17 10.00 621.395(075.8) გ–51 8442 2018-12-17 8442 2018-12-17 წიგნი 10 ლ.
          ტექნოლოგიური ფაკულტეტის ბიბლიოთეკა ტექნოლოგიური ფაკულტეტის ბიბლიოთეკა წიგნსაცავი 2018-12-17 10.00 621.395(075.8) გ–51 8444 2018-12-17 8444 2018-12-17 წიგნი 10 ლ.
          ტექნოლოგიური ფაკულტეტის ბიბლიოთეკა ტექნოლოგიური ფაკულტეტის ბიბლიოთეკა წიგნსაცავი 2018-12-17 10.00 621.395(075.8) გ–51 8445 2018-12-17 8445 2018-12-17 წიგნი 10 ლ.
          ტექნოლოგიური ფაკულტეტის ბიბლიოთეკა ტექნოლოგიური ფაკულტეტის ბიბლიოთეკა წიგნსაცავი 2018-12-17 10.00 621.395(075.8) გ–51 8446 2018-12-17 8446 2018-12-17 წიგნი 10 ლ.
          ტექნოლოგიური ფაკულტეტის ბიბლიოთეკა ტექნოლოგიური ფაკულტეტის ბიბლიოთეკა წიგნსაცავი 2018-12-17 10.00 621.395(075.8) გ–51 8447 2018-12-17 8447 2018-12-17 წიგნი 10 ლ.
          ტექნოლოგიური ფაკულტეტის ბიბლიოთეკა ტექნოლოგიური ფაკულტეტის ბიბლიოთეკა წიგნსაცავი 2018-12-17 10.00 621.395(075.8) გ–51 8448 2018-12-17 8448 2018-12-17 წიგნი 10 ლ.
          ტექნოლოგიური ფაკულტეტის ბიბლიოთეკა ტექნოლოგიური ფაკულტეტის ბიბლიოთეკა წიგნსაცავი 2018-12-17 10.00 621.395(075.8) გ–51 8449 2018-12-17 8449 2018-12-17 წიგნი 10 ლ.
          ტექნოლოგიური ფაკულტეტის ბიბლიოთეკა ტექნოლოგიური ფაკულტეტის ბიბლიოთეკა წიგნსაცავი 2018-12-17 10.00 621.395(075.8) გ–51 8450 2018-12-17 8450 2018-12-17 წიგნი 10 ლ.